000
00308nam a2200133Ia 4500
008
190216s9999||||xx |||||||||||||| ||und||
100
_a
P.P. Skaria
245
0
_a
Devlopment Of Economic Thought
250
_a
7th Ed.
260
_b
Vrindavan Pub
_c
2006
300
_a
380
650
_a
Economics
942
_c
BK
999
_c
11537
_d
11537